000 00841nam a22002297a 4500
999 _c64629
_d64629
005 20240530110741.0
008 180923s2016 ua a f b 000 0 ara d
017 _bمصر. دار الكتب
_a2015/20690
020 _a9789777281430
040 _aEG-CaGPL
_cEG-CaGPL
082 0 4 _221
_a930.1\
_bز آ
100 0 _aزينب عبدالتواب رياض
245 1 0 _aاثار ما قبل التاريخ /
_cزينب عبدالتواب رياض
250 _aط.1
260 _aالقاهرة :
_bدار الحكمة للطباعة و النشر و التوزيع ،
_c2016 .
300 _a216 ص. :
_bايض ؛
_c24 سم.
504 _aيشتمل على ارجاعات ببليوجرافية
650 0 7 _aالعصر الحجرى
_2qrmak
651 _2qrmak
942 _2ddc
_cBK